| LDR | | 00000nam c2200205 c 4500 |
| 001 | | 000000280870 |
| 005 | | 20200220130510 |
| 007 | | ta |
| 008 | | 200215s2019 ulka b 000a kor |
| 020 | |
▼a 9791158484415
▼g 93370 :
▼c \13000 |
| 040 | |
▼a 248032
▼c 248032
▼d 248032 |
| 049 | 0 |
▼l EM102669 |
| 056 | |
▼a 802.066
▼2 4 |
| 090 | |
▼a 802.066
▼b 김18ㅇ |
| 245 | 00 |
▼a 연구방법과 학위논문 작성의 기초 =
▼x The basis of writing a dissertation /
▼d 김기화 지음 |
| 250 | |
▼a 초판 |
| 260 | |
▼a 서울 :
▼b 박이정,
▼c 2019 |
| 300 | |
▼a 206 p. :
▼b 삽화 ;
▼c 24 cm |
| 500 | |
▼a 권말부록: 연구윤리 확보를 위한 지침 |
| 504 | |
▼a 참고문헌(p. 186-190) 수록 |
| 653 | |
▼a 연구방법
▼a 학위논문
▼a 논문작성
▼a 논문
▼a 논문쓰기
▼a 글쓰기
▼a 연구방법론
▼a 논문구성 |
| 700 | 1 |
▼a 김기화,
▼e 저 |
| 950 | 0 |
▼b \13000 |
| 990 | |
▼a 관리자3
▼b 관리자3 |